| 000 | 01057nam a2200253Ia 4500 | ||
|---|---|---|---|
| 999 |
_c53042 _d53042 |
||
| 001 | 20079 | ||
| 003 | GE_BSU | ||
| 005 | 20250424120056.0 | ||
| 008 | 181216s1993||||ge |||||||||||||| ||geo|| | ||
| 040 | _cGE_BSU | ||
| 041 | _ageo | ||
| 080 | _a611(075.8) კ-34 | ||
| 100 |
_aკაციტაძე, ზურაბ _924933 |
||
| 245 |
_aადამიანის ანატომია : _bზურგის ტვინი. თავის ტვინი. პერიფერიული ნერვები. გრძნობათა ორგანოები / |
||
| 264 |
_aთბილისი : _bიბერია, _c1993. |
||
| 300 |
_a216 გვ. : _bსურ. ; _c20 სმ. |
||
| 541 | _h5 ლ. | ||
| 653 | _aადამიანის ანატომია | ||
| 653 | _aზურგის ტვინი | ||
| 653 | _aთავის ტვინი | ||
| 653 | _aპერიფერიული ნერვები | ||
| 653 | _aგრძნობათა ორგანოები | ||
| 942 |
_cBK _2udc |
||